Statistics for Famous Trios Quiz #1

Click here to take the quiz!

General Stats

  • This quiz has been taken 73,822 times
    (52,360 since last reset)
  • The average score is 18 of 24

Answer Stats

Famous Trio % Correct
Lights, Camera, {Action}
94%
The Father, The Son, and the {Holy} {Ghost}
94%
Earth, Wind & {Fire}
94%
Ctrl, Alt, {Delete}
92%
The Good, the Bad, and the {Ugly}
91%
Bacon, Lettuce, {Tomato}
91%
Reduce, Reuse, {Recycle}
89%
{Tall}, Dark and Handsome
86%
Snap, Crackle and {Pop}
86%
Sex, Drugs and {Rock} & {Roll}
80%
Game, Set, {Match}
80%
{Gold}, Frankincense and Myrrh
71%
Huey, {Dewey} and Louie
70%
Planes, Trains and {Automobiles}
69%
Lions, Tigers and {Bears} (oh my!)
67%
Niña, {Pinta} and the Santa María
67%
{Moe}, Larry and Curly
65%
Reading, Writing and {Arithmetic}
61%
{Executive}, Legislative and Judicial
61%
Alvin, {Simon} and Theodore
60%
Peter, {Paul} and Mary
59%
Life, {Liberty} and the Pursuit of Happiness
56%
Crosby, Stills and {Nash}
56%
Friends, {Romans}, Countrymen
38%

Score Distribution

Percentile by Number Answered

Percent of People with Each Score

Your Score History

You have not taken this quiz since the last reset